000 00981nam a22002651u 4500
001 04763
003 HDC
007 cr bn ---aaaaa
008 210117p2010 fo d 00 mayg
040 _aHDC
100 _aAnisah Ab Ghani
_eauthor
_94996
245 0 _aPenentuan Piawaian Alkohol Dalam Makanan Yang Dibenarkan Dari Perspektif Islam / by
_cAnisah Ab Ghani and Muhammad Safiri Ismail
260 _a[no place] :
_b [publisher not identified] ,
_c2010
300 _a 1 online resource (23 pages)
336 _atext
_2rdacontent
337 _acomputer
_2rdamedia
338 _aonline resource
_2rdacarrier
650 _aAlcohol
_92098
650 _aStandard of Alcohol in Food
_94997
700 _aMuhammad Safiri Ismail
_eauthor
_94998
856 _zRequest full-text at [email protected]
942 _2lcc
942 _cAR
942 _kJART 001227
999 _c2088
_d2088